Clinical research in allied health and special education / (Record no. 9266)

MARC details
000 -LEADER
fixed length control field 00780nam a22002292 4500
001 - CONTROL NUMBER
control field 0000020306
005 - DATE AND TIME OF LATEST TRANSACTION
control field 20151217152212.0
008 - FIXED-LENGTH DATA ELEMENTS--GENERAL INFORMATION
fixed length control field 110912s xx 000 0 eng d
020 ## - INTERNATIONAL STANDARD BOOK NUMBER
International Standard Book Number 1565936310 :
040 ## - CATALOGING SOURCE
Original cataloging agency KABU
Transcribing agency KABU
100 1# - MAIN ENTRY--PERSONAL NAME
Personal name Stein, Franklin.
-- 0000180462
245 10 - TITLE STATEMENT
Title Clinical research in allied health and special education /
Statement of responsibility, etc. Franklin Stein, Susan K. Cutler.
250 ## - EDITION STATEMENT
Edition statement 3rd ed.
260 ## - PUBLICATION, DISTRIBUTION, ETC. (IMPRINT)
Place of publication, distribution, etc. San Diego :
Name of publisher, distributor, etc. Singular publishing group,
Date of publication, distribution, etc. 1996.
300 ## - PHYSICAL DESCRIPTION
Extent xxi, 482 p.
650 #0 - SUBJECT ADDED ENTRY--TOPICAL TERM
Topical term or geographic name as entry element Medical rehabilitation
General subdivision Research
-- Methodology.
-- 0000180463
650 #0 - SUBJECT ADDED ENTRY--TOPICAL TERM
Topical term or geographic name as entry element Special education
General subdivision Research
-- Methodoloy.
-- 0000180464
700 1# - ADDED ENTRY--PERSONAL NAME
Personal name Cutler, Susan.
-- 0000180465
852 1# - LOCATION
-- p8250 KES
908 ## - PUT COMMAND PARAMETER (RLIN)
Put command parameter 110912
950 ## - LOCAL HOLDINGS (RLIN)
-- 1
Holdings
Withdrawn status Lost status Source of classification or shelving scheme Not for loan Home library Current library Date acquired Total Checkouts Full call number Barcode Date last seen Date last checked out Price effective from Koha item type
    Library of Congress Classification   Kabarak, Main Campus Kabarak, Main Campus 17/12/2015 5 RM930 .S74 1996 c.1 21649 05/11/2021 21/10/2021 17/12/2015 General Collection
Designed with assistance from East African Informatics Ltd